000 00445nam a2200157Ia 4500
008 231217s9999 xx 000 0 und d
041 _aEnglish
082 _a001.6404 LIU;2
100 _aLiu, Yu Cheng Gibson, Glenn A
245 0 _aMicrocomputer systems: The 8086 8088 family architecture programming and design
250 _a2nd ed.
260 _c1991
_bNew Delhi : PHI,
300 _aix+623
650 _aMicrocomputers
942 _cAA
999 _c162346
_d162346